Harry Potter: Balai-Magazine - Statistiques

Statistiques générales
  • Ce quiz a été pris 55 fois
  • Le résultat moyen est 5 sur 7
Statistiques - réponses
Information Réponses % Correct
Lecteur connu Harry Potter
96%
Lecteur connu Ron Weasley
92%
Première apparition Harry Potter et le Prisonnier d’Azkaban
90%
Dernière apparition Harry Potter et l’Ordre du Phénix
88%
Sujet Balais
86%
Lecteur connu Olivier Dubois
53%
Lecteur connu Lee Jordan
27%
Aucun quiz correspondant
Distribution des résultats
% des personnes avec chaque résultat
Percentile par nombre de réponses
Votre historique - résultats
Vous n’avez pas pris ce quiz